[Event "24. OSREDNJA SLOVENSKA LIGA 2023"]
[Site "gostovanja"]
[Date "2023.11.23"]
[Round "9.2"]
[White "Skok, Joze"]
[Black "Hribar, Janez"]
[Result "1/2-1/2"]
[WhiteElo "1930"]
[BlackElo "1888"]
[PlyCount "66"]
[EventDate "2023.11.23"]
[WhiteTeam "SD DOMZALE"]
[BlackTeam "SD CRNI GRABEN"]

1. e4 Nf6 2. e5 Nd5 3. d4 d6 4. c4 Nb6 5. exd6 cxd6 6. Nf3 Bg4 7. Be2 e6 8. O-O
Be7 9. h3 Bh5 10. Nc3 O-O 11. Be3 Nc6 12. b3 d5 13. c5 Bxf3 14. Bxf3 Nc8 15.
Qd2 Bf6 16. a3 N8e7 17. b4 a6 18. Rac1 b6 19. cxb6 Qxb6 20. Na4 Qa7 21. Nc5
Rac8 22. Be2 Nb8 23. Qd3 Nf5 24. g4 Nxe3 25. Qxe3 h6 26. f4 g6 27. g5 Bg7 28.
h4 h5 29. Rfd1 Qb6 30. Kg2 Rfd8 31. Kg3 Rc7 32. Rc2 Rdc8 33. Rdc1 Kh7 1/2-1/2

[Event "24. OSREDNJA SLOVENSKA LIGA 2023"]
[Site "gostovanja"]
[Date "2023.11.23"]
[Round "9.3"]
[White "Osolin, Bogdan"]
[Black "Markosek, Bine"]
[Result "1/2-1/2"]
[WhiteElo "1965"]
[BlackElo "1821"]
[PlyCount "53"]
[EventDate "2023.11.23"]
[WhiteTeam "SD CRNI GRABEN"]
[BlackTeam "SD DOMZALE"]

1. f4 d5 2. Nf3 Nf6 3. b3 e6 4. e3 Be7 5. Bb2 O-O 6. Ne5 c5 7. Be2 b6 8. O-O
Bb7 9. Bf3 Nbd7 10. c4 Qc7 11. Na3 a6 12. Rc1 d4 13. Bxb7 Qxb7 14. Qf3 Qxf3 15.
Nxf3 Bd6 16. g3 e5 17. fxe5 Nxe5 18. Nxe5 Bxe5 19. exd4 Bxd4+ 20. Bxd4 cxd4 21.
Rfe1 Rfe8 22. Nc2 Ne4 23. Nxd4 Nxd2 24. Kg2 Ne4 25. Rc2 g6 26. Rce2 Nf6 27.
Rxe8+ 1/2-1/2

[Event "24. OSREDNJA SLOVENSKA LIGA 2023"]
[Site "gostovanja"]
[Date "2023.11.23"]
[Round "9.4"]
[White "Timagina, Sofia"]
[Black "Majcen, Zoran"]
[Result "1/2-1/2"]
[WhiteElo "1463"]
[BlackElo "1800"]
[PlyCount "155"]
[EventDate "2023.11.23"]
[WhiteTeam "SD DOMZALE"]
[BlackTeam "SD CRNI GRABEN"]

1. e4 e6 2. d4 d5 3. Nd2 dxe4 4. Nxe4 Nf6 5. Nxf6+ Qxf6 6. Be3 Bd7 7. Nf3 Bd6
8. Bd3 Bc6 9. Bg5 Bxf3 10. Qd2 Bf4 11. Bxf4 Bc6 12. c3 Qe7 13. O-O-O a5 14. f3
Na6 15. Rhe1 Ba4 16. Bc2 Bxc2 17. Qxc2 c6 18. Kb1 Nc7 19. Be5 O-O 20. Re4 Nd5
21. Qf2 Qg5 22. Ka1 f5 23. Re2 Rfe8 24. f4 Qg6 25. Rd3 Nf6 26. Rg3 Qf7 27. Rh3
Ng4 28. Qh4 g6 29. b3 Nxe5 30. Rxe5 a4 31. b4 Qe7 32. Qxe7 Rxe7 33. Rhe3 Kf7
34. Kb2 b5 35. Rc5 Ra6 36. Ree5 Rd7 37. Re3 Rd5 38. Re5 Kf6 39. a3 Rxc5 40.
Rxc5 g5 41. g3 h5 42. fxg5+ Kxg5 43. h3 Kf6 44. c4 Rb6 45. Kc3 Kg5 46. Re5 Kf6
47. Kd3 Rb8 48. Rc5 Rb6 49. Ke3 Kg5 50. Kf3 Kg6 51. Kf4 Kf6 52. Re5 Rb8 53.
cxb5 cxb5 54. Rc5 Rd8 55. Ke3 h4 56. g4 fxg4 57. Rh5 g3 58. Rxh4 g2 59. Kf2 Rc8
60. Kxg2 Rc3 61. Rh5 Rxa3 62. Rxb5 Rb3 63. h4 a3 64. Ra5 Rxb4 65. Rxa3 Rxd4 66.
Rh3 Kf5 67. h5 Kg4 68. Re3 Rd2+ 69. Kf1 Kf5 70. Rh3 Kg4 71. Re3 Kf5 72. Rh3 Rd7
73. Kf2 Rh7 74. Kf3 Rh6 75. Rh2 e5 76. Ke3 Ra6 77. Rf2+ Kg5 78. Ke4 1/2-1/2

[Event "24. OSREDNJA SLOVENSKA LIGA 2023"]
[Site "gostovanja"]
[Date "2023.11.23"]
[Round "9.1"]
[White "Baric, Dusan"]
[Black "Gantar, Jan"]
[Result "1/2-1/2"]
[WhiteElo "1943"]
[BlackElo "2223"]
[PlyCount "70"]
[EventDate "2023.11.23"]
[WhiteTeam "SK VISNJA GORA - STICNA"]
[BlackTeam "SK KOMENDA POPOTNIK"]

1. e4 Nf6 2. e5 Nd5 3. d4 d6 4. h3 dxe5 5. dxe5 Nc6 6. Bb5 Ndb4 7. Bxc6+ Nxc6
8. Qxd8+ Kxd8 9. Nf3 Bf5 10. c3 e6 11. Be3 Be7 12. Nbd2 h6 13. O-O g5 14. g4
Bg6 15. b4 h5 16. b5 hxg4 17. hxg4 Nb8 18. Bxg5 Bd3 19. Rfd1 Be2 20. Re1 Bxb5
21. Bxe7+ Kxe7 22. Nd4 Bc6 23. f3 b6 24. Kg2 Bb7 25. Nb5 Na6 26. Nb3 Rh4 27.
Kg3 Rah8 28. Re3 f5 29. exf6+ Kxf6 30. Rg1 Rh2 31. Rg2 R8h3+ 32. Kf2 e5 33. Nd2
Nc5 34. Nf1 Rxg2+ 35. Kxg2 Rh4 1/2-1/2

[Event "24. OSREDNJA SLOVENSKA LIGA 2023"]
[Site "gostovanja"]
[Date "2023.11.23"]
[Round "9.2"]
[White "Lucovnik, Tilen"]
[Black "Kirasic, Branko"]
[Result "1-0"]
[WhiteElo "2170"]
[BlackElo "1875"]
[PlyCount "99"]
[EventDate "2023.11.23"]
[WhiteTeam "SK KOMENDA POPOTNIK"]
[BlackTeam "SK VISNJA GORA - STICNA"]

1. e4 c5 2. c3 d5 3. exd5 Qxd5 4. d4 e6 5. Nf3 cxd4 6. cxd4 Nf6 7. Nc3 Qd8 8.
Bc4 Be7 9. O-O O-O 10. Qe2 a6 11. a4 Nc6 12. Rd1 Nb4 13. Ne5 b6 14. Bg5 Nfd5
15. Nxd5 exd5 16. Bxe7 Qxe7 17. Bd3 f6 18. Bxh7+ Kxh7 19. Qh5+ Kg8 20. Ng6 Qd8
21. Ra3 Re8 22. Rg3 Ra7 23. Qh8+ Kf7 24. Qh7 Bf5 25. Nh8+ Ke6 26. Re3+ Be4 27.
Qh3+ f5 28. Ng6 Qg5 29. Ne5 Qh6 30. Qxh6+ gxh6 31. f3 Bc2 32. Rde1 Kd6 33. Nf7+
Rxf7 34. Rxe8 Bxa4 35. R8e6+ Kc7 36. Rxh6 Nc6 37. Ree6 Nxd4 38. Rxb6 Bb5 39.
Rbf6 Rg7 40. Kf2 a5 41. h4 Re7 42. h5 Re2+ 43. Kg3 Rxb2 44. Rh7+ Kd8 45. Rd6+
Ke8 46. Rb6 Nc6 47. Rc7 a4 48. h6 f4+ 49. Kh2 Kd8 50. Rcxc6 1-0

[Event "24. OSREDNJA SLOVENSKA LIGA 2023"]
[Site "gostovanja"]
[Date "2023.11.23"]
[Round "9.3"]
[White "Lesjak, Damjan"]
[Black "Zidar, Jernej"]
[Result "0-1"]
[WhiteElo "1804"]
[BlackElo "1976"]
[PlyCount "64"]
[EventDate "2023.11.23"]
[WhiteTeam "SK VISNJA GORA - STICNA"]
[BlackTeam "SK KOMENDA POPOTNIK"]

1. c4 c5 2. Nc3 Nc6 3. e3 g6 4. d4 cxd4 5. exd4 d6 6. Nf3 Bg7 7. Be2 Bf5 8. O-O
Nf6 9. d5 Nb8 10. Bd3 Bxd3 11. Qxd3 Nbd7 12. Bg5 O-O 13. Rac1 a6 14. Qd2 Re8
15. Bh6 Bh8 16. Rfe1 Rc8 17. b3 Qa5 18. h3 b5 19. cxb5 axb5 20. Qe3 b4 21. Ne4
Rxc1 22. Rxc1 Qxd5 23. Nxf6+ Bxf6 24. Rc7 Nc5 25. g4 e5 26. Ng5 Be7 27. Ra7 e4
28. Qf4 Bxg5 29. Bxg5 Nd3 30. Qf6 Qe6 31. Qa1 Ne5 32. Bh6 g5 0-1

[Event "24. OSREDNJA SLOVENSKA LIGA 2023"]
[Site "gostovanja"]
[Date "2023.11.23"]
[Round "9.4"]
[White "Cimperman, Teo"]
[Black "Jancigaj, Saso Valentin"]
[Result "1-0"]
[WhiteElo "1640"]
[BlackElo "1673"]
[PlyCount "83"]
[EventDate "2023.11.23"]
[WhiteTeam "SK KOMENDA POPOTNIK"]
[BlackTeam "SK VISNJA GORA - STICNA"]

1. e4 c5 2. Nf3 Nc6 3. d4 cxd4 4. Nxd4 e5 5. Nb5 d6 6. N1c3 a6 7. Na3 Nf6 8.
Bg5 Be6 9. g3 Be7 10. Bxf6 Bxf6 11. Bg2 b5 12. Nd5 Be7 13. O-O O-O 14. c4 b4
15. Nc2 a5 16. Qd3 Rb8 17. b3 Qd7 18. Rad1 Rfd8 19. Qe3 h6 20. Rd3 Bg5 21. f4
exf4 22. gxf4 Be7 23. Qg3 Bxd5 24. exd5 Na7 25. Bh3 Qc7 26. Nd4 Bf6 27. Nf5 Kh8
28. Kh1 Rg8 29. Re1 Rbe8 30. Rde3 Rxe3 31. Qxe3 Kh7 32. Rc1 g6 33. Ng3 Bb2 34.
Rc2 Ba1 35. c5 Nb5 36. Ne4 Bd4 37. Qd2 Na3 38. Qxd4 Nxc2 39. Qb2 Rg7 40. Nf6+
Kh8 41. Ne8 f6 42. Nxc7 1-0

[Event "24. OSREDNJA SLOVENSKA LIGA 2023"]
[Site "gostovanja"]
[Date "2023.11.23"]
[Round "9.1"]
[White "Veskovic, Dzemal"]
[Black "Butala, Marjan"]
[Result "0-1"]
[WhiteElo "1824"]
[BlackElo "1897"]
[PlyCount "100"]
[EventDate "2023.11.23"]
[WhiteTeam "SD MENGES - TRZIN"]
[BlackTeam "KPSRD KAREL JERAJ"]

1. e4 e5 2. Nc3 Nc6 3. Nf3 Nf6 4. a3 d6 5. h3 Be7 6. d3 O-O 7. Be2 h6 8. g4 d5
9. g5 hxg5 10. Bxg5 d4 11. Na2 Nh7 12. Bxe7 Qxe7 13. Qd2 Be6 14. Rg1 Bxa2 15.
Rxa2 Rad8 16. h4 Rd6 17. Ng5 Kh8 18. Bg4 Qf6 19. Nxh7 Kxh7 20. h5 Qf4 21. Qxf4
exf4 22. f3 Ne7 23. Kf2 Rc6 24. b3 Rh6 25. Raa1 g6 26. Rh1 Kg7 27. Rag1 Rfh8
28. Rg2 Kf8 29. Rhg1 f5 30. exf5 gxf5 31. Bxf5 Nxf5 32. Rg4 Rxh5 33. Rxf4 Kf7
34. Ke2 Rh2+ 35. Kd1 Kf6 36. Kc1 Rh1 37. Rxh1 Rxh1+ 38. Kb2 Rh4 39. Re4 Rxe4
40. fxe4 Ne3 41. b4 b5 42. Kb3 Ke5 43. c3 dxc3 44. Kxc3 Nf1 45. Kb3 Kd4 46. a4
a6 47. axb5 axb5 48. Kc2 Ne3+ 49. Kd2 Ng4 50. Ke2 Ne5 0-1

[Event "24. OSREDNJA SLOVENSKA LIGA 2023"]
[Site "gostovanja"]
[Date "2023.11.23"]
[Round "9.2"]
[White "Kutin, Dusan"]
[Black "Sedlar, Tomo"]
[Result "0-1"]
[WhiteElo "1721"]
[BlackElo "1783"]
[PlyCount "42"]
[EventDate "2023.11.23"]
[WhiteTeam "KPSRD KAREL JERAJ"]
[BlackTeam "SD MENGES - TRZIN"]

1. e4 e5 2. Nf3 Nc6 3. d4 exd4 4. Bc4 Bc5 5. c3 d3 6. Qxd3 d6 7. b4 Bb6 8. a4
a6 9. h3 Nge7 10. O-O O-O 11. Bg5 Kh8 12. Nbd2 f6 13. Bh4 Ng6 14. Bg3 Nce5 15.
Nxe5 Nxe5 16. Bxe5 fxe5 17. Qe2 Qg5 18. Kh1 Bd7 19. a5 Ba7 20. Bd3 Rf6 21. Nf3
Qf4 0-1

[Event "24. OSREDNJA SLOVENSKA LIGA 2023"]
[Site "gostovanja"]
[Date "2023.11.23"]
[Round "9.3"]
[White "Simicak, Metod"]
[Black "Vertacnik, Viktor"]
[Result "1-0"]
[WhiteElo "1741"]
[BlackElo "1549"]
[PlyCount "47"]
[EventDate "2023.11.23"]
[WhiteTeam "SD MENGES - TRZIN"]
[BlackTeam "KPSRD KAREL JERAJ"]

1. e4 e5 2. Nf3 Nc6 3. Bb5 Nf6 4. Bxc6 dxc6 5. O-O Bg4 6. Qe2 Bc5 7. d3 h6 8.
Nbd2 O-O 9. Nc4 Bd6 10. h3 Bxf3 11. Qxf3 Qe7 12. Qg3 Kh7 13. b3 Rfe8 14. Bb2 b6
15. Rae1 a5 16. d4 Nd7 17. dxe5 Nxe5 18. f4 Ng6 19. e5 Bc5+ 20. Kh1 b5 21. Nd2
Ba3 22. Ba1 Nf8 23. Ne4 Rad8 24. Nf6+ 1-0

[Event "24. OSREDNJA SLOVENSKA LIGA 2023"]
[Site "gostovanja"]
[Date "2023.11.23"]
[Round "9.4"]
[White "Cizman, Gregor"]
[Black "Ocepek, Marjan"]
[Result "1/2-1/2"]
[WhiteElo "1504"]
[BlackElo "1609"]
[PlyCount "53"]
[EventDate "2023.11.23"]
[WhiteTeam "KPSRD KAREL JERAJ"]
[BlackTeam "SD MENGES - TRZIN"]

1. d4 Nf6 2. Nf3 e6 3. Bf4 b6 4. c3 Be7 5. Nbd2 Bb7 6. e3 O-O 7. Be2 d5 8. O-O
Nbd7 9. Bd3 c5 10. a3 Rc8 11. Rc1 h6 12. h3 c4 13. Bc2 Ne4 14. Nxe4 dxe4 15.
Ne5 f5 16. Nxd7 Qxd7 17. Be5 Bf6 18. Bxf6 Rxf6 19. Qh5 Rcf8 20. Qe2 b5 21. Qh5
Bd5 22. Rcd1 Bc6 23. g3 a5 24. h4 Kh7 25. Kh2 g6 26. Qe2 h5 27. Rde1 1/2-1/2

[Event "24. OSREDNJA SLOVENSKA LIGA 2023"]
[Site "gostovanja"]
[Date "2023.11.23"]
[Round "9.1"]
[White "Porenta, Matija"]
[Black "Keber, Aljosa"]
[Result "0-1"]
[WhiteElo "1769"]
[BlackElo "1861"]
[PlyCount "84"]
[EventDate "2023.11.23"]
[WhiteTeam "SK MEDVODE"]
[BlackTeam "SK KOMENDA POGI"]

1. e4 e5 2. Nf3 Nc6 3. Bc4 Nf6 4. d3 Bc5 5. O-O d6 6. h3 h6 7. Qe2 O-O 8. Be3
Bxe3 9. Qxe3 Na5 10. Bb3 Nxb3 11. axb3 Re8 12. Nc3 d5 13. exd5 Nxd5 14. Nxd5
Qxd5 15. Rxa7 Rxa7 16. Qxa7 Bxh3 17. Qe3 Bg4 18. Nd2 Qd4 19. Qxd4 exd4 20. f3
Bd7 21. Kf2 Ra8 22. Rb1 f6 23. b4 Be6 24. c3 Bf5 25. Ke2 Bg6 26. Ne4 Bxe4 27.
dxe4 dxc3 28. bxc3 Ra2+ 29. Kf1 Rc2 30. Rb3 Kf7 31. g3 Ke6 32. f4 Kd6 33. Ra3
b6 34. Rb3 Kc6 35. Ra3 g5 36. Rb3 gxf4 37. gxf4 h5 38. e5 fxe5 39. fxe5 Kd5 40.
c4+ Rxc4 41. Re3 Ke6 42. b5 Rc5 0-1

[Event "24. OSREDNJA SLOVENSKA LIGA 2023"]
[Site "gostovanja"]
[Date "2023.11.23"]
[Round "9.2"]
[White "Zagar, Katarina"]
[Black "Jese, Janez"]
[Result "0-1"]
[WhiteElo "1149"]
[BlackElo "1718"]
[PlyCount "106"]
[EventDate "2023.11.23"]
[WhiteTeam "SK KOMENDA POGI"]
[BlackTeam "SK MEDVODE"]

1. d4 Nf6 2. c4 e5 3. dxe5 Ng4 4. Nf3 d6 5. h3 Nxe5 6. Nxe5 dxe5 7. Qxd8+ Kxd8
8. Nc3 c6 9. b3 Bc5 10. Bb2 f6 11. O-O-O+ Ke7 12. e3 Be6 13. Ne4 Na6 14. Nxc5
Nxc5 15. Ba3 b6 16. Bxc5+ bxc5 17. Be2 a5 18. a4 Rhb8 19. Kb2 Rb6 20. Kc3 Rab8
21. Rb1 Bf5 22. Rb2 Rd8 23. Rd1 Rxd1 24. Bxd1 Rb7 25. Bc2 Bxc2 26. Rxc2 Rd7 27.
Rd2 Rxd2 28. Kxd2 e4 29. f3 exf3 30. gxf3 g5 31. Ke2 Ke6 32. Kf2 Ke5 33. Kg3 h5
34. h4 Kf5 35. hxg5 fxg5 36. Kg2 g4 37. fxg4+ Kxg4 38. Kf2 h4 39. Kg2 h3+ 40.
Kf2 h2 41. Kg2 h1=Q+ 42. Kxh1 Kf3 43. e4 Kxe4 44. Kg1 Kd3 45. Kf1 Kc3 46. Ke1
Kxb3 47. Kd1 Kxc4 48. Kc2 Kb4 49. Kb2 c4 50. Kc2 c3 51. Kc1 Kb3 52. Kb1 c2+ 53.
Kc1 c5 0-1

[Event "24. OSREDNJA SLOVENSKA LIGA 2023"]
[Site "gostovanja"]
[Date "2023.11.23"]
[Round "9.3"]
[White "Cedilnik, Branko"]
[Black "Perme, Lojze"]
[Result "1-0"]
[WhiteElo "1515"]
[BlackElo "1094"]
[PlyCount "63"]
[EventDate "2023.11.23"]
[WhiteTeam "SK MEDVODE"]
[BlackTeam "SK KOMENDA POGI"]

1. d4 d5 2. c4 e6 3. cxd5 exd5 4. Nf3 Nf6 5. Bg5 Be7 6. Nc3 O-O 7. e3 a6 8. Bd3
Nc6 9. a3 Bg4 10. h3 Bh5 11. Bxf6 Bxf6 12. g4 Bg6 13. h4 Bxd3 14. Qxd3 h6 15.
g5 hxg5 16. hxg5 g6 17. gxf6 Qxf6 18. Ne5 Rad8 19. O-O-O b5 20. Rdg1 Kg7 21.
Rg2 Rd6 22. Rgh2 Rfd8 23. Rh7+ Kf8 24. Rxf7+ Qxf7 25. Nxf7 Kxf7 26. Rh7+ Ke8
27. Rxc7 b4 28. Nxd5 bxa3 29. Qe4+ Kf8 30. Qf4+ Kg8 31. Qf7+ Kh8 32. Qg7# 1-0

[Event "24. OSREDNJA SLOVENSKA LIGA 2023"]
[Site "gostovanja"]
[Date "2023.11.23"]
[Round "9.4"]
[White "Sostaric, Zan"]
[Black "Herceg, Boris"]
[Result "0-1"]
[WhiteElo "1000"]
[BlackElo "1491"]
[PlyCount "32"]
[EventDate "2023.11.23"]
[WhiteTeam "SK KOMENDA POGI"]
[BlackTeam "SK MEDVODE"]

1. d4 b5 2. Nc3 b4 3. Ne4 e6 4. Bg5 Be7 5. Bf4 Bb7 6. Nc5 Bc6 7. Be5 Nf6 8. Nf3
d6 9. Nb3 dxe5 10. Nxe5 a5 11. e3 O-O 12. Bd3 g6 13. O-O Bb7 14. Nc5 Bxc5 15.
dxc5 Qd5 16. Nc4 Qxg2# 0-1